02051cam a2200469 a 4500001001500000003000700015005001700022007000700039008004100046010001700087040006400104019004200168020001500210020001800225020002600243020002900269035008600298043001200384050001900396050002100415051024100436082001300677084001500690100001800705245005300723250001200776260003000788300002100818651002100839650002100860655002900881776009300910856008801003856010001091029002101191029001701212029002201229942000701251506015001258506015401408999001901562coupjohn00updiCaSfIA20210118000014.0cr||||780503s1978 nyu 000 1 eng  a 78055399  aDLCcDLCdOCLCQdOCLdBAKERdNLGGCdBTCTAdCLUdCUVdCaSfIA a5930649a11179588a11678654a28061778 a039450268X a9780394502687 a0394503554 (lim. ed.) a9780394503554 (lim. ed.) a(OCoLC)3915411z(OCoLC)5930649z(OCoLC)11179588z(OCoLC)11678654z(OCoLC)28061778 af------00aPS3571.P4bC5804aPZ4.U64bCn 1978 aPS3571.P4bC58 1978bcAnother issue. "Of the first edition ... three hundred and fifty copies have been printed on special paper and specially bound. Each copy is signed by the author and numbered"--Prefixed leaf. LC has copy no. 183.00a813/.5/4 a18.062bcl1 aUpdike, John.14aThe coup /h[electronic resource] cJohn Updike. a1st ed. aNew York :bKnopf,c1978. a298 p. ;c22 cm. 0aAfricavFiction. 0aExilesvFiction. 7aPolitical fiction.2lcsh08iOnline version:aUpdike, John.tCoup.b1st ed.dNew York : Knopf, 1978w(OCoLC)56036149641uhttp://www.archive.org/details/coupjohn00updizFree eBook from the Internet Archive42uhttp://www.openlibrary.org/books/OL4742608MzAdditional information and access via Open Library1 aNLGGCb7854588911 aNZ1b35796441 aAU@b000001194034 cEB fНеобхідна авторизація на https://archive.org/ (створення облікового запису безкоштовно) fНеобхідна авторизація на https://openlibrary.org/ (створення облікового запису безкоштовно) c484725d484725